LEADER 01314nam1-2200409---450- 001 990001289770203316 005 20031128153037.0 035 $a000128977 035 $aUSA01000128977 035 $a(ALEPH)000128977USA01 035 $a000128977 100 $a20031128g19261928km-y0itay0103----ba 101 0 $aita 102 $aIT 105 $aa|||||||001yy 200 1 $aStoria di Roma dalle origini all'inizio delle guerre puniche$fEttore Pais 210 $aRoma$cOptima$d1926-1928 215 $a5 v.$cill.$d26 cm. 225 2 $aBiblioteca di filosofia e scienza 410 0$12001$aBiblioteca di filosofia e scienza 454 1$12001 461 1$1001-------$12001 463 \1$1001990001289790203316$12001 $a<> : <> fonti ; L'età mitica 606 0 $aRoma antica - Storia$xStoria$xOrigini$zSec. 3. a.C. 676 $a937.01 700 1$aPAIS,$bEttore$0137588 801 0$aIT$bsalbc$gISBD 912 $a990001289770203316 951 $aX A 103$bL.M.$cX A 959 $aBK 969 $aUMA 979 $aSIAV4$b10$c20031128$lUSA01$h1519 979 $aSIAV4$b10$c20031128$lUSA01$h1529 979 $aSIAV4$b10$c20031128$lUSA01$h1530 979 $aPATRY$b90$c20040406$lUSA01$h1732 996 $aStoria di Roma dalle origini all'inizio delle guerre puniche$9928117 997 $aUNISA LEADER 02435nam0 22004453i 450 001 CFI0190182 005 20251003044131.0 010 $a8813168535 100 $a20250311d1989 ||||0itac50 ba 101 | $aita 102 $ait 181 1$6z01$ai $bxxxe 182 1$6z01$an 183 1$6z01$anc$2RDAcarrier 200 1 $aˆL'‰imprenditore e la cultura imprenditoriale$efattori ostacolanti e stimolanti nella crescita delle piccole e medie imprese$fricerca qualitativa su un campione di imprenditori effettuata da una comunità di ricerca del CIS, Centro studi d'impresa$gcoordinatore scientifico: Fabio Corno 210 $aPadova$cCEDAM$d©1989 215 $aXXI, 149 p.$d24 cm. 225 | $aUomo impresa$fCIS$v4 410 0$1001CFI0105902$12001 $aUomo impresa$fCIS$v4$171202$aCentro studi d'impresa$3CFIV044705 606 $aImprenditori$2FIR$3CFIC020478$9E 676 $a338.4$9Produzione. Industrie secondarie e servizi$v14 686 $aSe.i.14.2.2.8$cStoria dell'economia italiana. 1963-1975. I settori industriali e l'edilizia; la piccola e media industria e l'artigianato$2F 702 1$aCorno$b, Fabio$3CFIV066317 712 02$aCentro studi d'impresa$3CFIV044705 791 02$aCIS$c $3CFIV070137$zCentro studi d'impresa 791 02$aCIS Italia$3CFIV161730$zCentro studi d'impresa 791 02$aCentro studi impresa$3MILV243950$zCentro studi d'impresa 791 02$aCentro studi impresa$c $3MILV243951$zCentro studi d'impresa 791 02$aCIS$c $3CFIV070137$zCentro studi d'impresa 791 02$aCIS Italia$3CFIV161730$zCentro studi d'impresa 791 02$aCentro studi impresa$3MILV243950$zCentro studi d'impresa 791 02$aCentro studi impresa$c $3MILV243951$zCentro studi d'impresa 801 3$aIT$bIT-000000$c20250311 850 $aIT-BN0095 901 $bNAP 01$cPOZZO LIB.$nVi sono collocati fondi di economia, periodici di ingegneria e scienze, periodici di economia e statistica e altri fondi comprendenti documenti di economia pervenuti in dono. 912 $aCFI0190182 950 0$aBiblioteca Centralizzata di Ateneo$c1 v.$d 01POZZO LIB.ECON MON 8775$e 0101 0000103315E VMA 1 v. (Precedente collocazione: GUERRAZZI B 1441)$fB $h20091210$i20091210 977 $a 01 996 $aImprenditore e la cultura imprenditoriale$962934 997 $aUNISANNIO